उत्तर-आधुनिक साहित्य विमर्श / (Record no. 58230)

MARC details
000 -LEADER
fixed length control field 04734 a2200433 4500
005 - DATE AND TIME OF LATEST TRANSACTION
control field 20111108160023.0
010 ## - LCCN (DPL NO)
LC control number B-443833-848
020 ## - INTERNATIONAL STANDARD BOOK NUMBER
International Standard Book Number 8170554853
Terms of availability 375.00
035 ## - SYSTEM CONTROL NUMBER
System control number B-443833-848
037 ## - SOURCE OF ACQUISITION
Source of stock number/acquisition एलाईड पब्लि.
082 ## - DEWEY DECIMAL CLASSIFICATION NUMBER
Classification number 820.8
100 ## - MAIN ENTRY--PERSONAL NAME
Personal name पचौरी, सुधीश
245 1# - TITLE STATEMENT
Title उत्तर-आधुनिक साहित्य विमर्श /
Statement of responsibility, etc सुधीश पचौरी
246 ## - VARYING FORM OF TITLE
Title proper/short title
Remainder of title
250 ## - EDITION STATEMENT
Edition statement
260 ## - PUBLICATION, DISTRIBUTION, ETC. (IMPRINT)
Place of publication, distribution, etc नई दिल्ली
Name of publisher, distributor, etc वाणी प्रकाशन,
Date of publication, distribution, etc 2010
270 ## - ADDRESS
Address 21-ए,दरियागंज
City नई दिल्ली
Postal code 110002
300 ## - PHYSICAL DESCRIPTION
Extent 211पृ
Dimensions 22सेमी (सजिल्द)
490 ## - SERIES STATEMENT
Series statement
-- 37557
700 ## - ADDED ENTRY--PERSONAL NAME
Personal name
9 (RLIN) 35748
942 ## - ADDED ENTRY ELEMENTS (KOHA)
Institution code [OBSOLETE] dpl
Item type Hindi Books
Call number prefix
Source of classification or shelving scheme Dewey Decimal Classification
Call number suffix पचौरी
Classification part 820.8
Holdings
Withdrawn status Lost status Not for loan Collection code Home library Current library Date acquired Source of acquisition Cost, normal purchase price Full call number Barcode Copy number Cost, replacement price Koha item type
      Non-fiction Andrews Gunj Andrews Gunj 26/12/2011 एलाईड पब्लिशर्स/1161/28.9.11/8/15.9.11/4.10.11 375.00 820.8 पचौरी B-443843 1 375.00 Hindi Books
      Non-fiction Central Library Central Library 26/12/2011 एलाईड पब्लिशर्स/1161/28.9.11/8/15.9.11/4.10.11 375.00 820.8 पचौरी B-443833 2 375.00 Hindi Books
      Non-fiction Central Library Central Library 26/12/2011 एलाईड पब्लिशर्स/1161/28.9.11/8/15.9.11/4.10.11 375.00 820.8 पचौरी B-443834 2 375.00 Hindi Books
      Non-fiction Janak Puri Janak Puri 26/12/2011 एलाईड पब्लिशर्स/1161/28.9.11/8/15.9.11/4.10.11 375.00 820.8 पचौरी B-443840 1 375.00 Hindi Books
      Non-fiction Karol Bagh Karol Bagh 26/12/2011 एलाईड पब्लिशर्स/1161/28.9.11/8/15.9.11/4.10.11 375.00 820.8 पचौरी B-443845 1 375.00 Hindi Books
      Non-fiction Kasturba Gandhi Marg Kasturba Gandhi Marg 26/12/2011 एलाईड पब्लिशर्स/1161/28.9.11/8/15.9.11/4.10.11 375.00 820.8 पचौरी B-443838 1 375.00 Hindi Books
      Non-fiction Mobile Library Mobile Library 26/12/2011 एलाईड पब्लिशर्स/1161/28.9.11/8/15.9.11/4.10.11 375.00 820.8 पचौरी B-443835 2 375.00 Hindi Books
      Non-fiction Mobile Library Mobile Library 26/12/2011 एलाईड पब्लिशर्स/1161/28.9.11/8/15.9.11/4.10.11 375.00 820.8 पचौरी B-443836 2 375.00 Hindi Books
      Non-fiction New Rohtak Road New Rohtak Road 26/12/2011 एलाईड पब्लिशर्स/1161/28.9.11/8/15.9.11/4.10.11 375.00 820.8 पचौरी B-443846 1 375.00 Hindi Books
      Non-fiction Patel Nagar Patel Nagar 26/12/2011 एलाईड पब्लिशर्स/1161/28.9.11/8/15.9.11/4.10.11 375.00 820.8 पचौरी B-443837 1 375.00 Hindi Books
      Non-fiction Peshwa Road Peshwa Road 26/12/2011 एलाईड पब्लिशर्स/1161/28.9.11/8/15.9.11/4.10.11 375.00 820.8 पचौरी B-443839 1 375.00 Hindi Books
      Non-fiction R.K.Puram-8 R.K.Puram-8 26/12/2011 एलाईड पब्लिशर्स/1161/28.9.11/8/15.9.11/4.10.11 375.00 820.8 पचौरी B-443842 1 375.00 Hindi Books
      Non-fiction Sarojini Nagar Sarojini Nagar 26/12/2011 एलाईड पब्लिशर्स/1161/28.9.11/8/15.9.11/4.10.11 375.00 820.8 पचौरी B-443841 1 375.00 Hindi Books
      Non-fiction Shahdara Branch Shahdara Branch 26/12/2011 एलाईड पब्लिशर्स/1161/28.9.11/8/15.9.11/4.10.11 375.00 820.8 पचौरी B-443847 1 375.00 Hindi Books
      Non-fiction Vinoba Puri Vinoba Puri 26/12/2011 एलाईड पब्लिशर्स/1161/28.9.11/8/15.9.11/4.10.11 375.00 820.8 पचौरी B-443844 1 375.00 Hindi Books
      Non-fiction Yojana Vihar Yojana Vihar 26/12/2011 एलाईड पब्लिशर्स/1161/28.9.11/8/15.9.11/4.10.11 375.00 820.8 पचौरी B-443848 1 375.00 Hindi Books

© Delhi Public Library
Hit Counter
free hit counter